[Event "Warsaw Najdorf Memorial op-A 22nd"]
[Site "Warsaw"]
[Date "2025.07.16"]
[Round "9"]
[White "Choroszej, Aleksander"]
[Black "Bartodziej, Bartosz"]
[Result "1/2-1/2"]
[WhiteElo "2035"]
[BlackElo "2122"]
[PlyCount "72"]
[EventDate "2025.07.08"]
[EventType "swiss"]
[EventRounds "9"]
[EventCountry "POL"]
[SourceTitle "CB29_2025"]
[SourceDate "2025.07.16"]
[SourceVersion "1"]
[SourceVersionDate "2025.07.16"]
[SourceQuality "1"]

1. d4 Nf6 2. c4 e6 3. Nc3 Bb4 4. f3 c5 5. d5 0-0 6. e4 d6 7. Nge2 b5 8. Nf4 exd5 9. Nfxd5 Nxd5 10. Qxd5 Qb6 11. Bf4 Be6 12. Qxd6 Qa5 13. Qd2 Nc6 14. Kf2 Nd4 15. Qc1 bxc4 16. a3 Nb3 17. axb4 Qxa1 18. Qxa1 Nxa1 19. b5 Rad8 20. Be3 Nb3 21. Nd5 Rxd5 22. exd5 Bxd5 23. Be2 h6 24. Bf4 Be6 25. Rd1 Nd4 26. Ra1 Nxb5 27. Ra5 Nd4 28. Rxa7 Rd8 29. Ra4 Bd7 30. Ra7 Be6 31. Ra4 Bd7 32. Ra7 Bb5 33. Rb7 Bc6 34. Rb8 Rxb8 35. Bxb8 Nxe2 36. Kxe2 Bd5 1/2-1/2

[Event "Warsaw Najdorf Memorial op-A 22nd"]
[Site "Warsaw"]
[Date "2025.07.14"]
[Round "7"]
[White "Choroszej, Aleksander"]
[Black "Romanishin, Oleg M"]
[Result "0-1"]
[WhiteElo "2035"]
[BlackElo "2287"]
[PlyCount "156"]
[EventDate "2025.07.08"]
[EventType "swiss"]
[EventRounds "9"]
[EventCountry "POL"]
[SourceTitle "CB29_2025"]
[SourceDate "2025.07.16"]
[SourceVersion "1"]
[SourceVersionDate "2025.07.16"]
[SourceQuality "1"]

1. d4 d5 2. c4 dxc4 3. e4 e5 4. Nf3 Bb4+ 5. Nbd2 c3 6. bxc3 Bxc3 7. Rb1 exd4 8. Bc4 Nc6 9. 0-0 Nge7 10. Ng5 Ne5 11. Qh5 N7g6 12. f4 Bg4 13. Bxf7+ Nxf7 14. Qxg4 Nxg5 15. fxg5 Qd7 16. Qxd7+ Kxd7 17. Rxb7 Rhf8 18. Nf3 Rfb8 19. Rxb8 Rxb8 20. h4 Ke6 21. h5 Ne5 22. Nxe5 Kxe5 23. Bf4+ Kxe4 24. Bxc7 Rb7 25. Rf4+ Kd5 26. Rf5+ Kc4 27. Be5 Rb5 28. g6 hxg6 29. hxg6 Bd2 30. Kf2 d3 31. g4 Rb6 32. Bxg7 Rxg6 33. Rf7 Rxg4 34. Rc7+ Kb5 35. Rxa7 Bb4 36. Rb7+ Kc4 37. Bh6 Bc5+ 38. Kf3 Rh4 39. Bf4 Rh1 40. a4 Rf1+ 41. Ke4 Re1+ 42. Kf3 Bb4 43. Rc7+ Bc5 44. Rd7 Bb4 45. Be3 Bc3 46. Bf4 Rd1 47. Ke4 Re1+ 48. Kf3 Re8 49. Be3 Ba5 50. Bd4 Kb3 51. Rb7+ Kc2 52. Rb2+ Kc1 53. Ra2 Rd8 54. Be3+ Kb1 55. Rg2 d2 56. Bxd2 Bxd2 57. Ke2 Kc2 58. Rg6 Re8+ 59. Kf3 Ra8 60. Rc6+ Bc3 61. Rc4 Kd3 62. Rc7 Rxa4 63. Rd7+ Bd4 64. Rb7 Ra8 65. Rb3+ Bc3 66. Kg4 Rf8 67. Ra3 Kd4 68. Ra4+ Ke5 69. Kg3 Bd4 70. Ra2 Ke4 71. Ra4 Rg8+ 72. Kh4 Ke5 73. Kh5 Kf5 74. Kh4 Be5 75. Kh3 Rg3+ 76. Kh4 Rb3 77. Rc4 Rb8 78. Kh3 Rb2 0-1

[Event "Warsaw Najdorf Memorial op-A 22nd"]
[Site "Warsaw"]
[Date "2025.07.12"]
[Round "5"]
[White "Choroszej, Aleksander"]
[Black "Kazmierowski, Tymon"]
[Result "1-0"]
[WhiteElo "2035"]
[BlackElo "2138"]
[PlyCount "109"]
[EventDate "2025.07.08"]
[EventType "swiss"]
[EventRounds "9"]
[EventCountry "POL"]
[SourceTitle "CB29_2025"]
[SourceDate "2025.07.16"]
[SourceVersion "1"]
[SourceVersionDate "2025.07.16"]
[SourceQuality "1"]

1. d4 Nf6 2. c4 e6 3. Nc3 Bb4 4. f3 c5 5. d5 0-0 6. e4 d6 7. Nge2 b5 8. Nf4 exd5 9. Nfxd5 Nxd5 10. Qxd5 Qb6 11. Bf4 Bb7 12. Qxd6 Qa5 13. Kf2 Bxc3 14. bxc3 Qxc3 15. Be2 bxc4 16. Rab1 Ba6 17. Rhd1 Qf6 18. Qxf6 gxf6 19. Rd6 Rc8 20. Rxf6 Nc6 21. a3 Kg7 22. Rd6 Rab8 23. Rxc6 Rxb1 24. Rxa6 c3 25. Be5+ Kg8 26. Bxc3 c4 27. Rxa7 Rb3 28. Bxc4 Rxc3 29. Bxf7+ Kf8 30. Bd5 Rc2+ 31. Kg3 Rd2 32. Rxh7 Rcc2 33. Kf4 Rxg2 34. h4 Rc3 35. a4 Ra3 36. h5 Rh2 37. a5 Rh3 38. Rf7+ Ke8 39. Kg4 Rh1 40. Ra7 Rg1+ 41. Kf4 Rh1 42. a6 Kd8 43. Rh7 Rxa6 44. Ke5 Ra3 45. f4 Rah3 46. Bf7 Re1 47. Be6 Rh2 48. Rh8+ Kc7 49. Bf5 Rh4 50. h6 Ra1 51. h7 Rah1 52. Kf6 Kb7 53. Rg8 Kc7 54. Kg7 Rg1+ 55. Bg6 1-0

[Event "Warsaw Najdorf Memorial op-A 22nd"]
[Site "Warsaw"]
[Date "2025.07.10"]
[Round "3"]
[White "Choroszej, Aleksander"]
[Black "Rosh, Jain"]
[Result "0-1"]
[WhiteElo "2035"]
[BlackElo "2322"]
[PlyCount "112"]
[EventDate "2025.07.08"]
[EventType "swiss"]
[EventRounds "9"]
[EventCountry "POL"]
[SourceTitle "CB29_2025"]
[SourceDate "2025.07.16"]
[SourceVersion "1"]
[SourceVersionDate "2025.07.16"]
[SourceQuality "1"]

1. d4 d5 2. c4 e6 3. Nc3 Nf6 4. Nf3 Nbd7 5. Bf4 Bb4 6. e3 c5 7. dxc5 Qa5 8. Qc2 Ne4 9. Rc1 Qxa2 10. cxd5 exd5 11. Bb5 0-0 12. 0-0 Bxc3 13. bxc3 Qxc2 14. Rxc2 Ndxc5 15. Rd1 Be6 16. Nd4 a6 17. f3 axb5 18. fxe4 dxe4 19. Bd6 Rfc8 20. Bxc5 Rxc5 21. Nxe6 fxe6 22. Rd7 b4 23. Rxb7 bxc3 24. Rb3 Rac8 25. Ra3 Kf7 26. Rb3 Kg6 27. Ra3 R8c7 28. Rb3 Kg5 29. h3 h5 30. g3 h4 31. g4 g6 32. Kg2 e5 33. Ra3 Rd7 34. Raxc3 Rxc3 35. Rxc3 Rd2+ 36. Kg1 Rd3 37. Rc5 Rxe3 38. Rxe5+ Kf6 39. Re8 Rxh3 40. Rxe4 Kg5 41. Ra4 Rg3+ 42. Kh2 Rxg4 43. Ra5+ Kh6 44. Ra6 Rg3 45. Rb6 Ra3 46. Rb5 g5 47. Rb4 Ra5 48. Rc4 Kh5 49. Rc2 g4 50. Rc8 Ra2+ 51. Kg1 h3 52. Rc1 Kh4 53. Rb1 Ra4 54. Rc1 g3 55. Kh1 h2 56. Kg2 Ra2+ 0-1

[Event "Warsaw YMCA Winter-A 296th"]
[Site "Warsaw"]
[Date "2025.03.12"]
[Round "10"]
[White "Mazurek, Jerzy"]
[Black "Choroszej, Aleksander"]
[Result "1/2-1/2"]
[WhiteElo "1895"]
[BlackElo "1999"]
[PlyCount "95"]
[EventDate "2025.01.10"]
[EventType "tourn"]
[EventRounds "11"]
[EventCountry "POL"]
[SourceTitle "CB14_2025"]
[SourceDate "2024.11.01"]
[SourceVersion "1"]
[SourceVersionDate "2024.11.01"]
[SourceQuality "1"]

1. e4 g6 2. d4 Bg7 3. Nc3 d6 4. Be3 a6 5. Qd2 b5 6. h4 h6 7. 0-0-0 Nd7 8. f3 Bb7 9. Nh3 Rc8 10. g4 e6 11. g5 h5 12. d5 exd5 13. Nxd5 Ne7 14. Nhf4 0-0 15. Bh3 Bxd5 16. Nxd5 Nxd5 17. Qxd5 Rb8 18. f4 Kh7 19. e5 Nb6 20. Bxb6 Rxb6 21. Rhf1 Qe7 22. e6 fxe6 23. Bxe6 Kh8 24. f5 gxf5 25. Rxf5 Rbb8 26. Bf7 Be5 27. Qf3 Kg7 28. Rf1 Rh8 29. Bxh5 Rbf8 30. Rxf8 Rxf8 31. Qxf8+ Qxf8 32. Rxf8 Kxf8 33. Be2 Bg3 34. g6 Bxh4 35. c3 Kg7 36. Bd3 a5 37. a3 c5 38. Be4 b4 39. cxb4 cxb4 40. a4 b3 41. Kd2 Bf6 42. Kd3 Bxb2 43. Kc4 Ba3 44. Kxb3 Bb4 45. Kc4 Kf6 46. Kd5 Kg7 47. Ke6 Bc5 48. Bd3 1/2-1/2

[Event "Warsaw YMCA Winter-A 296th"]
[Site "Warsaw"]
[Date "2025.01.23"]
[Round "9"]
[White "Choroszej, Aleksander"]
[Black "Rozycki, Bartlomiej"]
[Result "0-1"]
[WhiteElo "1999"]
[BlackElo "2099"]
[PlyCount "72"]
[EventDate "2025.01.10"]
[EventType "tourn"]
[EventRounds "11"]
[EventCountry "POL"]
[SourceTitle "CB14_2025"]
[SourceDate "2024.11.01"]
[SourceVersion "1"]
[SourceVersionDate "2024.11.01"]
[SourceQuality "1"]

1. d4 Nf6 2. c4 e6 3. Nc3 Bb4 4. f3 d5 5. a3 Bxc3+ 6. bxc3 0-0 7. cxd5 exd5 8. e3 c5 9. Bd3 b6 10. Ne2 Ba6 11. Bxa6 Nxa6 12. 0-0 Re8 13. Ra2 Nc7 14. g4 Rc8 15. Nf4 Ne6 16. Nd3 h5 17. gxh5 Nxh5 18. Rg2 Qf6 19. Ne5 cxd4 20. cxd4 Rc3 21. f4 Qf5 22. Qa4 Rec8 23. Bd2 R3c7 24. Ng4 Kh8 25. Qd1 Rc2 26. Ne5 g6 27. Qf3 Rd8 28. Kh1 Kg7 29. Rfg1 Nf6 30. Be1 Rxg2 31. Rxg2 Rc8 32. Rg1 Rc2 33. Bh4 Ne4 34. Ng4 Rc3 35. Qh3 Qh5 36. a4 f5 0-1

[Event "Warsaw YMCA Winter-A 296th"]
[Site "Warsaw"]
[Date "2025.01.17"]
[Round "2"]
[White "Choroszej, Aleksander"]
[Black "Celinski, Kamil"]
[Result "1/2-1/2"]
[WhiteElo "1999"]
[BlackElo "1974"]
[PlyCount "53"]
[EventDate "2025.01.10"]
[EventType "tourn"]
[EventRounds "11"]
[EventCountry "POL"]
[SourceTitle "CB14_2025"]
[SourceDate "2024.11.01"]
[SourceVersion "1"]
[SourceVersionDate "2024.11.01"]
[SourceQuality "1"]

1. d4 Nf6 2. c4 e6 3. Nc3 Bb4 4. f3 d5 5. a3 Be7 6. e4 dxc4 7. Bxc4 c5 8. d5 exd5 9. Nxd5 Nxd5 10. Bxd5 Nd7 11. Be3 Nb6 12. Bb3 Qxd1+ 13. Rxd1 Be6 14. Bxe6 fxe6 15. Ne2 Kf7 16. Nc3 Nc4 17. Bc1 Rhd8 18. Ke2 Bf6 19. Rxd8 Rxd8 20. Rd1 Rd4 21. f4 Rxd1 22. Nxd1 Bd4 23. Kd3 Nd6 24. Be3 Bxe3 25. Nxe3 b5 26. e5 Nf5 27. Nxf5 1/2-1/2

[Event "Warsaw Najdorf Memorial op-A"]
[Site "Warsaw"]
[Date "2024.07.16"]
[Round "8"]
[White "Choroszej, Aleksander"]
[Black "Tsiapko, Andrii"]
[Result "1/2-1/2"]
[WhiteElo "1997"]
[BlackElo "2167"]
[PlyCount "67"]
[EventDate "2024.07.09"]
[EventType "swiss"]
[EventRounds "9"]
[EventCountry "POL"]
[SourceTitle "EXT 2025"]
[Source "ChessBase"]
[SourceDate "2024.10.14"]
[SourceVersion "1"]
[SourceVersionDate "2024.10.14"]
[SourceQuality "1"]

1. d4 d5 2. c4 e6 3. Nc3 Nf6 4. Nf3 Be7 5. Bf4 0-0 6. e3 c5 7. dxc5 Bxc5 8. Be2 dxc4 9. Qxd8 Rxd8 10. Bxc4 Bb4 11. Ke2 Bxc3 12. bxc3 Ne4 13. Rac1 b6 14. Nd4 Ba6 15. Bxa6 Nxa6 16. f3 Nf6 17. c4 Nc5 18. Rhd1 Ne8 19. e4 f6 20. Nb3 Na4 21. Rxd8 Rxd8 22. c5 Nxc5 23. Nxc5 bxc5 24. Rxc5 e5 25. Be3 Rd6 26. a4 Ra6 27. a5 Kf7 28. Kd3 Ke6 29. Kc4 Nd6+ 30. Kb4 Kd7 31. Rd5 Kc7 32. Rc5+ Kd7 33. Rd5 Kc7 34. Rc5+ 1/2-1/2

[Event "Warsaw YMCA Winter-A 282nd"]
[Site "Warsaw"]
[Date "2024.03.08"]
[Round "9"]
[White "Pietrzak, Wojciech"]
[Black "Choroszej, Aleksander"]
[Result "0-1"]
[WhiteElo "1754"]
[BlackElo "1899"]
[PlyCount "76"]
[EventDate "2024.01.12"]
[EventType "tourn"]
[EventRounds "11"]
[EventCountry "POL"]
[SourceTitle "EXT 2025"]
[Source "ChessBase"]
[SourceDate "2024.10.14"]
[SourceVersion "1"]
[SourceVersionDate "2024.10.14"]
[SourceQuality "1"]

1. e4 g6 2. d4 Bg7 3. Nc3 d6 4. Be3 a6 5. h4 h6 6. Qd2 b5 7. a4 b4 8. Nd5 a5 9. f3 e6 10. Nf4 Ne7 11. Nfe2 Nd7 12. g4 Ba6 13. b3 c5 14. Rd1 c4 15. h5 g5 16. f4 gxf4 17. Bxf4 Nf6 18. Qe3 d5 19. Be5 cxb3 20. cxb3 dxe4 21. g5 Ned5 22. Qg3 hxg5 23. Bg2 Rc8 24. Qxg5 Bh6 25. Bxf6 Nxf6 26. Qe5 Rg8 27. Bh3 Rg5 28. Qh2 Nd5 29. Ng3 Qc7 30. N1e2 Nc3 31. Rd2 Rg8 32. Rc2 Bd3 33. d5 Bxc2 34. dxe6 Nxe2 35. exf7+ Kxf7 36. Qf2+ Nf4 37. Bxc8 Qc3+ 38. Kf1 Qd3+ 0-1

[Event "Warsaw YMCA Winter-A 282nd"]
[Site "Warsaw"]
[Date "2024.02.09"]
[Round "5"]
[White "Lewandrowski, Tomasz"]
[Black "Choroszej, Aleksander"]
[Result "1/2-1/2"]
[WhiteElo "1822"]
[BlackElo "1899"]
[PlyCount "92"]
[EventDate "2024.01.12"]
[EventType "tourn"]
[EventRounds "11"]
[EventCountry "POL"]
[SourceTitle "EXT 2025"]
[Source "ChessBase"]
[SourceDate "2024.10.14"]
[SourceVersion "1"]
[SourceVersionDate "2024.10.14"]
[SourceQuality "1"]

1. b3 e5 2. Bb2 Nc6 3. c4 g6 4. h4 h5 5. e3 Bg7 6. Be2 Nge7 7. Nf3 0-0 8. Nc3 d6 9. d3 Re8 10. Qd2 a5 11. Nd5 Nxd5 12. cxd5 Ne7 13. e4 c6 14. dxc6 Nxc6 15. 0-0 d5 16. Rfd1 d4 17. Rdb1 Bf8 18. a3 Be6 19. Bc1 f6 20. Nh2 Qd7 21. Qd1 b5 22. f4 exf4 23. Bxf4 Ne5 24. Bd2 b4 25. axb4 axb4 26. Qe1 Qb5 27. Qf2 Be7 28. Kh1 Qb6 29. Qg3 Kh7 30. Bf4 Qb5 31. Qf2 Qb6 32. Rxa8 Rxa8 33. Bxe5 fxe5 34. g4 Rf8 35. Qg3 hxg4 36. Bxg4 Bg8 37. Nf3 Rf4 38. Rg1 Qf6 39. Bf5 gxf5 40. Qxg8+ Kh6 41. exf5 Rxf5 42. Ng5 Qg7 43. Qe6+ Qf6 44. Qg8 Qg7 45. Qc8 Qf6 46. Qg8 Qg7 1/2-1/2

[Event "Warsaw YMCA Winter-A 282nd"]
[Site "Warsaw"]
[Date "2024.01.26"]
[Round "3"]
[White "Choroszej, Aleksander"]
[Black "Huseynzade, Jeyhun Qalib"]
[Result "1/2-1/2"]
[WhiteElo "1899"]
[BlackElo "1991"]
[PlyCount "139"]
[EventDate "2024.01.12"]
[EventType "tourn"]
[EventRounds "11"]
[EventCountry "POL"]
[SourceTitle "EXT 2025"]
[Source "ChessBase"]
[SourceDate "2024.10.14"]
[SourceVersion "1"]
[SourceVersionDate "2024.10.14"]
[SourceQuality "1"]

1. d4 Nf6 2. c4 e5 3. dxe5 Ng4 4. Bf4 Bb4+ 5. Nc3 Nc6 6. Nf3 Qe7 7. Qd5 d6 8. exd6 cxd6 9. e3 Be6 10. Qd2 Nge5 11. a3 Nxf3+ 12. gxf3 Bxc3 13. Qxc3 f6 14. Bg2 Rc8 15. b3 Ne5 16. Qd2 Bh3 17. 0-0 Bxg2 18. Kxg2 0-0 19. Qd4 f5 20. Rad1 Rfd8 21. Rg1 a6 22. Kh1 Qe8 23. Rg3 b5 24. Bg5 Rd7 25. cxb5 axb5 26. Qd5+ Qf7 27. Qxb5 Ng6 28. Qd5 Rc2 29. Rg2 h6 30. Qd3 Rb2 31. Bf4 Nxf4 32. exf4 Qxb3 33. Qxb3+ Rxb3 34. Rg6 Rxa3 35. Rgxd6 Rxd6 36. Rxd6 Rxf3 37. Kg2 Rxf4 38. h3 Re4 39. Ra6 Kf7 40. Rb6 Re6 41. Rb7+ Kf6 42. Kg3 g5 43. Rb5 Kg6 44. Ra5 Re2 45. Rb5 Rd2 46. Rb6+ Kh5 47. Rc6 Rd3+ 48. Kg2 f4 49. Rf6 Rd7 50. Ra6 Rh7 51. Rb6 Kh4 52. Ra6 h5 53. Ra3 Re7 54. Rb3 Re2 55. Rb8 Rc2 56. Rb3 Rc1 57. Ra3 Rc2 58. Rb3 Rc7 59. Ra3 Rf7 60. Rb3 f3+ 61. Kh2 g4 62. hxg4 hxg4 63. Rb8 Rh7 64. Rg8 Rf7 65. Rh8+ Kg5 66. Kg3 Rg7 67. Ra8 Kh5 68. Rh8+ Kg5 69. Ra8 Kh5 70. Rh8+ 1/2-1/2

[Event "Warsaw YMCA Autumn-A 278th"]
[Site "Warsaw"]
[Date "2023.10.20"]
[Round "5"]
[White "Choroszej, Aleksander"]
[Black "Polak, Michal"]
[Result "0-1"]
[WhiteElo "1878"]
[BlackElo "1947"]
[PlyCount "56"]
[EventDate "2023.09.22"]
[EventType "tourn"]
[EventRounds "13"]
[EventCountry "POL"]
[SourceTitle "EXT 2025"]
[Source "ChessBase"]
[SourceDate "2024.10.14"]
[SourceVersion "1"]
[SourceVersionDate "2024.10.14"]
[SourceQuality "1"]

1. d4 Nf6 2. c4 e6 3. Nc3 Bb4 4. f3 c5 5. d5 d6 6. e4 0-0 7. Nge2 b5 8. Nf4 e5 9. Nfe2 bxc4 10. Ng3 Nfd7 11. Bxc4 Nb6 12. Be2 f5 13. exf5 Bb7 14. 0-0 Bxc3 15. bxc3 Bxd5 16. Ne4 Rxf5 17. Nxd6 Qxd6 18. c4 Nc6 19. cxd5 Nd4 20. Ba3 Nxd5 21. Bc4 Kh8 22. Qd2 Nf4 23. Rad1 Rd8 24. Qe3 Qh6 25. Qe4 Rh5 26. h3 Qg5 27. g4 Qh4 28. Qe1 Nxh3+ 0-1

[Event "Warsaw YMCA Autumn-A 278th"]
[Site "Warsaw"]
[Date "2023.09.22"]
[Round "1"]
[White "Choroszej, Aleksander"]
[Black "Pietrzak, Wojciech"]
[Result "1-0"]
[WhiteElo "1878"]
[BlackElo "1717"]
[PlyCount "53"]
[EventDate "2023.09.22"]
[EventType "tourn"]
[EventRounds "13"]
[EventCountry "POL"]
[SourceTitle "EXT 2025"]
[Source "ChessBase"]
[SourceDate "2024.10.14"]
[SourceVersion "1"]
[SourceVersionDate "2024.10.14"]
[SourceQuality "1"]

1. d4 d5 2. c4 c6 3. Nc3 Nf6 4. Nf3 a6 5. e3 b5 6. b3 Bg4 7. Be2 e6 8. 0-0 Bd6 9. Bb2 bxc4 10. bxc4 0-0 11. h3 Bh5 12. Qa4 Ne4 13. Qd1 f5 14. Nxe4 fxe4 15. Nd2 Bxe2 16. Qxe2 Nd7 17. f3 exf3 18. Rxf3 Rxf3 19. Qxf3 Qg5 20. Rf1 Rf8 21. Qe2 Qg3 22. Rxf8+ Kxf8 23. Nf1 Qg6 24. c5 Be7 25. Qxa6 e5 26. Qc8+ Qe8 27. Qxc6 1-0

[Event "Warsaw Najdorf Memorial op-B"]
[Site "Warsaw"]
[Date "2023.07.16"]
[Round "6"]
[White "Mazur, Maciej"]
[Black "Choroszej, Aleksander"]
[Result "1-0"]
[WhiteElo "1758"]
[BlackElo "1958"]
[PlyCount "115"]
[EventDate "2023.07.11"]
[EventType "swiss"]
[EventRounds "9"]
[EventCountry "POL"]
[SourceTitle "EXT 2024"]
[Source "ChessBase"]
[SourceDate "2023.10.10"]
[SourceVersion "1"]
[SourceVersionDate "2023.10.10"]
[SourceQuality "1"]

1. e4 g6 2. d4 Bg7 3. Nc3 d6 4. Be3 a6 5. Qd2 b5 6. h4 h5 7. Nh3 Bxh3 8. Rxh3 c6 9. 0-0-0 Nd7 10. Kb1 Qc7 11. f4 b4 12. Ne2 Ngf6 13. Ng3 Ng4 14. f5 0-0 15. fxg6 fxg6 16. Bg1 a5 17. Bc4+ Kh8 18. Nf1 e5 19. Be6 Ndf6 20. Qe2 Rae8 21. d5 Nh6 22. Nh2 Nf7 23. Rg3 Kh7 24. Rxg6 Rxe6 25. dxe6 Kxg6 26. exf7 Rxf7 27. Nf3 Ng4 28. Qd2 Bh6 29. Qxd6+ Qxd6 30. Rxd6+ Rf6 31. Rxf6+ Kxf6 32. Bb6 a4 33. Bc5 Be3 34. Bxb4 Nf2 35. Bc3 Nxe4 36. Bxe5+ Kf5 37. Bc7 Bf4 38. Bd8 Kg4 39. b3 axb3 40. cxb3 Kg3 41. a4 Kxg2 42. Nd4 c5 43. Ne6 Be5 44. a5 c4 45. b4 Bd6 46. a6 Nc3+ 47. Kc2 Nb5 48. Ng7 Bxb4 49. Nxh5 Kf3 50. Bf6 Nc7 51. Ng7 Bc5 52. h5 Nd5 53. Bc3 Be3 54. a7 Bxa7 55. h6 Nf4 56. h7 Ng6 57. Nf5 Kg4 58. Ne7 1-0

[Event "Warsaw YMCA Spring-A 272nd"]
[Site "Warsaw"]
[Date "2023.04.14"]
[Round "1"]
[White "Choroszej, Aleksander"]
[Black "Kasperski, Marcin"]
[Result "1/2-1/2"]
[WhiteElo "1999"]
[BlackElo "1679"]
[PlyCount "99"]
[EventDate "2023.04.14"]
[EventType "tourn"]
[EventRounds "11"]
[EventCountry "POL"]
[SourceTitle "EXT 2024"]
[Source "ChessBase"]
[SourceDate "2023.10.10"]
[SourceVersion "1"]
[SourceVersionDate "2023.10.10"]
[SourceQuality "1"]

1. d4 Nf6 2. c4 g6 3. Nc3 d5 4. cxd5 Nxd5 5. e4 Nxc3 6. bxc3 Bg7 7. Nf3 c5 8. Rb1 Nc6 9. d5 Ne5 10. Nxe5 Bxe5 11. Qd2 0-0 12. Be2 Qa5 13. Rb3 Bd7 14. 0-0 b5 15. f4 Bg7 16. Kh1 c4 17. Rb4 Qc7 18. Rb1 Rfc8 19. Ba3 Be8 20. Bf3 Rab8 21. e5 Rb6 22. Bb4 Ra6 23. Rbe1 Ra4 24. Bd1 a5 25. Bxa4 axb4 26. Bd1 bxc3 27. Qxc3 Qc5 28. Bf3 b4 29. Qc2 Bb5 30. Rb1 c3 31. Rfe1 Bh6 32. g3 Bc4 33. Qe4 Bxa2 34. Rxb4 Bxd5 35. Qxd5 Qxb4 36. Qd7 Qc5 37. Rc1 e6 38. Qd3 Bf8 39. h4 Qf2 40. Be4 Ba3 41. Rc2 Qe1+ 42. Kg2 Bc5 43. Rxc3 Qg1+ 44. Kh3 Rb8 45. Rc2 Rb4 46. Qd8+ Kg7 47. Qf6+ Kg8 48. Qd8+ Kg7 49. Qf6+ Kg8 50. Qd8+ 1/2-1/2

[Event "Warsaw YMCA Winter-A 271st"]
[Site "Warsaw"]
[Date "2023.03.16"]
[Round "5"]
[White "Terkiewicz, Bruno"]
[Black "Choroszej, Aleksander"]
[Result "1-0"]
[WhiteElo "1769"]
[BlackElo "2036"]
[PlyCount "99"]
[EventDate "2023.01.13"]
[EventType "tourn"]
[EventRounds "11"]
[EventCountry "POL"]
[SourceTitle "EXT 2024"]
[Source "ChessBase"]
[SourceDate "2023.10.10"]
[SourceVersion "1"]
[SourceVersionDate "2023.10.10"]
[SourceQuality "1"]

1. d4 g6 2. c4 Bg7 3. e4 d6 4. Nc3 Nf6 5. h3 0-0 6. Be3 e5 7. d5 Na6 8. g4 Nc5 9. f3 a5 10. h4 h5 11. g5 Nh7 12. Qd2 b6 13. 0-0-0 Bd7 14. Kb1 Qe7 15. Nh3 Rfb8 16. Rc1 Nf8 17. Rg1 Be8 18. Nf2 Nfd7 19. Be2 Na6 20. Bd1 Ndc5 21. Nb5 Rb7 22. b3 Bd7 23. Qb2 Qe8 24. Be2 Nb8 25. Qd2 Nba6 26. Nd1 Qc8 27. Qc3 Nb8 28. Nb2 Qe8 29. Rcd1 Qc8 30. Rd2 Kh7 31. Nd1 Kg8 32. Qb2 Kh7 33. Ndc3 Kg8 34. Bd1 Kh7 35. a3 Kg8 36. b4 axb4 37. axb4 Nca6 38. Be2 Kh7 39. Qb3 Qe8 40. Ra2 Bf8 41. Kb2 c6 42. dxc6 Bxc6 43. Rga1 Rd7 44. Nd5 Bxd5 45. cxd5 Qd8 46. Nc3 Rda7 47. Bb5 Qc7 48. Bd3 Qd8 49. Ra3 Be7 50. b5 1-0

[Event "Warsaw YMCA Golden Autumn 267th"]
[Site "Warsaw"]
[Date "2022.09.30"]
[Round "11"]
[White "Choroszej, Aleksander"]
[Black "Chalupnik, Marcin"]
[Result "1-0"]
[WhiteElo "2040"]
[BlackElo "2135"]
[PlyCount "85"]
[EventDate "2022.09.30"]
[EventType "tourn"]
[EventRounds "13"]
[EventCountry "POL"]
[SourceTitle "EXT 2024"]
[Source "ChessBase"]
[SourceDate "2023.10.10"]
[SourceVersion "1"]
[SourceVersionDate "2023.10.10"]
[SourceQuality "1"]

1. d4 Nf6 2. c4 e5 3. dxe5 Ng4 4. Bf4 Nc6 5. Nf3 Bb4+ 6. Nc3 Bxc3+ 7. bxc3 Qe7 8. Qd5 f6 9. exf6 Nxf6 10. Qd2 d6 11. g3 0-0 12. Bg2 Be6 13. Nd4 Nxd4 14. cxd4 Bxc4 15. Bxb7 Rae8 16. Bf3 Nd5 17. Qc2 Nxf4 18. Qxc4+ Ne6 19. Bd5 Kh8 20. Bxe6 Qxe6 21. Qxe6 Rxe6 22. e3 Rb8 23. 0-0 d5 24. Rfc1 Rb7 25. Rc5 Rd6 26. Rac1 Rd7 27. R1c2 Kg8 28. a4 Kf7 29. Rb5 Rb6 30. Rcc5 Ke6 31. Kf1 g5 32. h3 h5 33. f3 Rxb5 34. axb5 Rf7 35. Ke2 g4 36. hxg4 hxg4 37. fxg4 Rg7 38. Rc6+ Kd7 39. Ra6 Rxg4 40. Rxa7 Rxg3 41. b6 Kc6 42. Rxc7+ Kxb6 43. Rc5 1-0

[Event "Warsaw YMCA Golden Autumn 267th"]
[Site "Warsaw"]
[Date "2022.09.30"]
[Round "5"]
[White "Choroszej, Aleksander"]
[Black "Golecki, Jan"]
[Result "0-1"]
[WhiteElo "2040"]
[BlackElo "2193"]
[PlyCount "106"]
[EventDate "2022.09.30"]
[EventType "tourn"]
[EventRounds "13"]
[EventCountry "POL"]
[SourceTitle "EXT 2024"]
[Source "ChessBase"]
[SourceDate "2023.10.10"]
[SourceVersion "1"]
[SourceVersionDate "2023.10.10"]
[SourceQuality "1"]

1. d4 Nf6 2. c4 e6 3. Nc3 Bb4 4. f3 d5 5. a3 Bxc3+ 6. bxc3 c5 7. cxd5 exd5 8. e3 0-0 9. Bd3 b6 10. Ne2 Re8 11. 0-0 Ba6 12. Ra2 Bxd3 13. Qxd3 Nc6 14. g4 Na5 15. Nf4 c4 16. Qb1 Nb3 17. g5 Nd7 18. Rg2 Nf8 19. e4 Nxc1 20. Rxc1 dxe4 21. fxe4 Qd6 22. Rf1 Qxa3 23. Nd5 Qd6 24. Rgf2 Ne6 25. Rf5 Rad8 26. Qd1 Rd7 27. Qg4 b5 28. Ne3 Qb6 29. Kh1 Qb7 30. Re5 Red8 31. h4 b4 32. h5 bxc3 33. d5 Nf8 34. Ref5 Re7 35. Qf3 Rde8 36. e5 c2 37. Nxc4 Qb1 38. Na3 Qb7 39. Nxc2 Rxe5 40. Rxf7 Qxd5 41. Qxd5 Rxd5 42. h6 gxh6 43. gxh6 Rh5+ 44. Kg1 Rxh6 45. Rxa7 Rg6+ 46. Kh1 Re4 47. Rf2 Ne6 48. Re7 Rh4+ 49. Rh2 Rhg4 50. Rf2 Nf4 51. Ne3 Rg1+ 52. Kh2 R1g5 53. Re8+ Kf7 0-1

[Event "Warsaw YMCA Golden Autumn 267th"]
[Site "Warsaw"]
[Date "2022.09.30"]
[Round "3"]
[White "Szwaj, Jacek"]
[Black "Choroszej, Aleksander"]
[Result "1/2-1/2"]
[WhiteElo "1893"]
[BlackElo "2040"]
[PlyCount "58"]
[EventDate "2022.09.30"]
[EventType "tourn"]
[EventRounds "13"]
[EventCountry "POL"]
[SourceTitle "EXT 2024"]
[Source "ChessBase"]
[SourceDate "2023.10.10"]
[SourceVersion "1"]
[SourceVersionDate "2023.10.10"]
[SourceQuality "1"]

1. e4 g6 2. d4 Bg7 3. Nf3 d6 4. c3 Nf6 5. Bd3 0-0 6. 0-0 Nc6 7. h3 e5 8. dxe5 dxe5 9. Qe2 Nh5 10. Rd1 h6 11. Na3 Nf4 12. Qc2 Qf6 13. Nh2 Qg5 14. Bxf4 exf4 15. Nf3 Qe7 16. Nb5 Ne5 17. Nxe5 Bxe5 18. Nd4 Be6 19. Nxe6 Qxe6 20. Be2 h5 21. Qb3 Qxb3 22. axb3 Rfd8 23. Kf1 a6 24. Bc4 c6 25. b4 Kf8 26. Rxd8+ Rxd8 27. Ke2 Ke7 28. f3 Bc7 29. Rd1 Rxd1 1/2-1/2

[Event "Warsaw YMCA Golden Autumn 267th"]
[Site "Warsaw"]
[Date "2022.09.30"]
[Round "8"]
[White "Zysko, Jan"]
[Black "Choroszej, Aleksander"]
[Result "1-0"]
[WhiteElo "2071"]
[BlackElo "2040"]
[PlyCount "55"]
[EventDate "2022.09.30"]
[EventType "tourn"]
[EventRounds "13"]
[EventCountry "POL"]
[SourceTitle "EXT 2024"]
[Source "ChessBase"]
[SourceDate "2023.10.10"]
[SourceVersion "1"]
[SourceVersionDate "2023.10.10"]
[SourceQuality "1"]

1. e4 g6 2. d4 Bg7 3. Nc3 d6 4. Be3 a6 5. h4 h5 6. Qd2 b5 7. 0-0-0 c6 8. Nh3 Bxh3 9. Rxh3 Nd7 10. f4 Nh6 11. e5 Nb6 12. Ne4 Nf5 13. Bf2 Bh6 14. Rf3 0-0 15. Kb1 d5 16. Nc5 e6 17. g3 Nd7 18. Nxd7 Qxd7 19. Bh3 Kh7 20. g4 hxg4 21. Bxg4 Rg8 22. Qd3 Bf8 23. h5 Nh6 24. Rh1 Kg7 25. hxg6 fxg6 26. Rfh3 Rh8 27. Bh4 Kf7 28. Bg5 1-0